| 000 | 00699nam a2200253Ia 4500 | ||
|---|---|---|---|
| 003 | OSt | ||
| 005 | 20220924131932.0 | ||
| 006 | a|||||r|||| 00| 0 | ||
| 007 | ta | ||
| 008 | 220923b |||||||| |||| 00| 0 tel d | ||
| 020 | _cRs.2. | ||
| 024 | _a344957 | ||
| 037 | _cTextual | ||
| 040 |
_aARTS _cARTS _btel |
||
| 041 |
_2tel _atel |
||
| 082 | _aO35,3N091,10, K7 | ||
| 100 | _aKodavatiganti Kutumba Rao Au. | ||
| 245 | 0 | _aTimingalam Veta | |
| 260 |
_aVijayawada _bNavyodaya Publications India _c1967 |
||
| 300 |
_a132p. _ccm. |
||
| 650 | _aTELUGU LITERATURE | ||
| 942 |
_hO35,3N091,10, K7 _cTEXL _2CC |
||
| 999 |
_c428669 _d428669 |
||